| 000 | 00644nam a2200217 a 4500 | ||
|---|---|---|---|
| 005 | 20240228063851.0 | ||
| 008 | 031110s2001 mx r 000 0 spa d | ||
| 020 | _a9701864808 | ||
| 035 | _aUPN01000130830 | ||
| 049 | _aI | ||
| 050 | 4 |
_aPZ71 _bP4.2 |
|
| 100 | 1 |
_aPeyrón Pichardo, Gabriela, _d1955- _943204 |
|
| 245 | 1 | 0 |
_aBzzzz / _cGabriela Peyron ; il. Martha Flores. |
| 260 |
_aMéxico : _bCONACULTA : _bCorunda, _c2001. |
||
| 300 |
_a24 p. : _bil. col. |
||
| 440 | 3 | _aEl sueño del dragón | |
| 650 | 4 |
_aCuentos infantiles _96744 |
|
| 650 | 4 |
_aLibros y lectura para niños _92290 |
|
| 700 | 1 |
_aFlores, Martha, _eil. |
|
| 905 | _aInfantil | ||
| 999 |
_c102987 _d102987 |
||